Rise and demise of commodity agreements : An investigation into the breakdown of international commodity agreements (Record no. 41963)

MARC details
000 -LEADER
fixed length control field 00440nam a2200133Ia 4500
020 ## - INTERNATIONAL STANDARD BOOK NUMBER
ISBN 1855731797
082 ## - DEWEY DECIMAL CLASSIFICATION NUMBER
Classification number 339.542.6
Item number RAF
100 ## - MAIN ENTRY--AUTHOR NAME
Personal name Raffaelli, Marcelo
245 #0 - TITLE STATEMENT
Title Rise and demise of commodity agreements : An investigation into the breakdown of international commodity agreements
260 ## - PUBLICATION, DISTRIBUTION, ETC. (IMPRINT)
Place of publication England
Name of publisher Woodhead Publishing
Year of publication 1995
650 ## - SUBJECT ADDED ENTRY--TOPICAL TERM
Topical Term Commodity agreements
942 ## - ADDED ENTRY ELEMENTS (KOHA)
Koha item type Books
Holdings
Withdrawn status Lost status Damaged status Not for loan Home library Current library Date acquired Cost, normal purchase price Full call number Accession Number Koha item type
        RRII Library RRII Library 16/12/2021 25.00 339.542.6 RAF 22243 Books